UITU Library & LRC     

AutoCAD 2005 for Engineers & Designers (Record no. 8520)

MARC details
000 -LEADER
fixed length control field 00554nam a2200217Ia 4500
003 - CONTROL NUMBER IDENTIFIER
control field OSt
005 - DATE AND TIME OF LATEST TRANSACTION
control field 20241007084132.0
008 - FIXED-LENGTH DATA ELEMENTS--GENERAL INFORMATION
fixed length control field 240925s9999 xx 000 0 und d
020 ## - INTERNATIONAL STANDARD BOOK NUMBER
International Standard Book Number 8177225480
040 ## - CATALOGING SOURCE
Transcribing agency sd
082 ## - DEWEY DECIMAL CLASSIFICATION NUMBER
Classification number 620.0042 TIC
100 ## - MAIN ENTRY--PERSONAL NAME
Personal name Tickoo , Sham
245 #0 - TITLE STATEMENT
Title AutoCAD 2005 for Engineers & Designers
250 ## - EDITION STATEMENT
Edition statement NA
260 ## - PUBLICATION, DISTRIBUTION, ETC.
Place of publication, distribution, etc. New Delhi:
Name of publisher, distributor, etc. NewWiley -dreamtech Press
Date of publication, distribution, etc. ,2004.
300 ## - PHYSICAL DESCRIPTION
Extent xxxiv,973p.
Other physical details NA
Type of unit Pirated
500 ## - GENERAL NOTE
General note Includes Index
600 ## - SUBJECT ADDED ENTRY--PERSONAL NAME
Personal name Engineering Technology
650 ## - SUBJECT ADDED ENTRY--TOPICAL TERM
Topical term or geographic name entry element Technology
942 ## - ADDED ENTRY ELEMENTS (KOHA)
Koha item type Books
Source of classification or shelving scheme Dewey Decimal Classification
Holdings
Withdrawn status Lost status Damaged status Not for loan Collection Home library Current library Date acquired Source of acquisition Cost, normal purchase price Total checkouts Full call number Barcode Date last seen Price effective from Koha item type
        Engineering Technology UITU Library UITU Library 01/18/2005 Royal Book Company 516.53   620.0042 TIC Q6021 09/25/2024 09/25/2024 Books

Powered by Koha